LEADER 00911nam0-22003251i-450- 001 990002008690403321 005 20130326143700.0 035 $a000200869 035 $aFED01000200869 035 $a(Aleph)000200869FED01 035 $a000200869 100 $a20030910d1947----km-y0itay50------ba 101 0 $aita 102 $aNL 105 $ay---a---001yy 200 1 $a<>ciclo del batterio simbionte di Blattella germanica(L)$fElio Borghese 210 $aAmsterdam$cW. Junk$d1947 215 $a18 p.$d25 cm 300 $aEstr. da Mycopathologia, 4 (2) 610 0 $aSimbiosi 610 0 $aBatteri 676 $a591.524 700 1$aBorghese,$bElio$084952 801 0$aIT$bUNINA$gRICA$2UNIMARC 901 $aBK 912 $a990002008690403321 952 $a61 III D.1/14$b2356$fDAGEN 959 $aDAGEN 996 $aCiclo del batterio simbionte di Blattella germanica(L$9402647 997 $aUNINA LEADER 04168 am 2200769 n 450 001 9910315242503321 005 20150922 010 $a2-84788-717-2 010 $a2-84788-716-4 024 7 $a10.4000/books.enseditions.4252 035 $a(CKB)3710000000579894 035 $a(FrMaCLE)OB-enseditions-4252 035 $a(oapen)https://directory.doabooks.org/handle/20.500.12854/53088 035 $a(PPN)189314052 035 $a(EXLCZ)993710000000579894 100 $a20150929j|||||||| ||| 0 101 0 $afre 135 $auu||||||m|||| 181 $ctxt$2rdacontent 182 $cc$2rdamedia 183 $acr$2rdacarrier 200 13$aLe Même et l'Ordre $eMichel Foucault et le savoir à l'âge classique /$fPhilippe Sabot 210 $aLyon $cENS Éditions$d2015 215 $a1 online resource (174 p.) 311 $a2-84788-715-6 330 $aDans Les mots et les choses (1966), Michel Foucault accorde une place centrale à l?analyse de la disposition archéologique du savoir classique. Le présent ouvrage s?attache à expliciter les principaux enjeux de cette analyse, en montrant qu?elle renvoie au fond à une double interrogation. De quelle pensée du Même l?épistémè de l?âge classique relève-t-elle?? Et comment cette pensée du Même en vient-elle à organiser la mise en ordre des choses dans des savoirs positifs (grammaire générale, histoire naturelle, analyse des richesses) qui s?élaborent eux-mêmes suivant les contraintes épistémologiques fortes d?une nomenclature et d?une taxinomie?? La première interrogation engage clairement le statut philosophique d?une archéologie du savoir de l?âge classique. La seconde implique en outre, pour l?archéologue, une manière de travailler et de penser à partir de l?archive discursive d?une époque. Le livre de Philippe Sabot s?efforce ainsi de rendre compte de cette double dimension de l?analyse archéologique de Foucault en attirant l?attention à la fois sur l?effort de systématisation dont relève une telle analyse et sur le traitement particulier qu?elle propose des archives du savoir. In The Order of Things (1966), Michel Foucault focuses on the analysis of the archeological configuration of classical knowledge. This book aims to clarify the main issues of such an analysis and shows how it refers to a double question. On what sort of « thought of the Same » does the classical épistémè depend ? And how does this « thought of the Same » manage to organize the implementation of things in positive knowledge (general grammar, natural history, analysis of wealth) under the dual constraint of a classification and a taxonomy ? The first question concerns obviously the philosophical status of an archeology of classical knowledge. The second one additionnally involves for the archeologist a way of working and thinking from the discursive archive of an epoch. Philippe Sabot?s? 517 $aMême et l'Ordre 517 $aMEME ET L'ORDRE. MICHEL FOUCAULT ET LE SAVOIR A L'AGE CLASSIQUE 517 $aLE MEME ET L'ORDRE. MICHEL FOUCAULT ET LE SAVOIR A L'AGE CLASSIQUE 606 $aArchaeology 606 $aHistory 606 $asavoir 606 $aarchive 606 $aâge classique 606 $aordre 606 $amême 606 $aconnaissance 606 $aFoucault (Michel) 606 $aLes mots et les choses 606 $aknowledge 606 $aclassical age 606 $aorder 606 $asame 610 $aclassical age 610 $asame 610 $aknowledge 610 $aorder 615 4$aArchaeology 615 4$aHistory 615 4$asavoir 615 4$aarchive 615 4$aâge classique 615 4$aordre 615 4$amême 615 4$aconnaissance 615 4$aFoucault (Michel) 615 4$aLes mots et les choses 615 4$aknowledge 615 4$aclassical age 615 4$aorder 615 4$asame 700 $aSabot$b Philippe$0755953 801 0$bFR-FrMaCLE 906 $aBOOK 912 $a9910315242503321 996 $aLe Même et l'Ordre$93039870 997 $aUNINA LEADER 01310nam 2200433 450 001 9910828078103321 005 20230808200521.0 010 $a3-95934-403-1 035 $a(CKB)3710000000943333 035 $a(MiAaPQ)EBC4741603 035 $a(Au-PeEL)EBL4741603 035 $a(CaPaEBR)ebr11299561 035 $a(OCoLC)962751319 035 $a(EXLCZ)993710000000943333 100 $a20161209h20162016 uy 0 101 0 $ager 135 $aurcnu|||||||| 181 $2rdacontent 182 $2rdamedia 183 $2rdacarrier 200 04$aDas 11. Norddeutsche Simulationsforum $eZusammenfassung der Vortra?ge vom 15. Oktober 2015 /$fDirk Pieper (Hg.) 210 1$aHamburg, [Germany] :$cDiplomica Verlag,$d2016. 210 4$d©2016 215 $a1 online resource (43 pages) $ccolor illustrations, photographs 311 $a3-95934-903-3 517 1 $aEleven Norddeutsche Simulationsforum 606 $aFinite element method 606 $aNumerical analysis 615 0$aFinite element method. 615 0$aNumerical analysis. 676 $a620.00151535 702 $aPieper$b Dirk 801 0$bMiAaPQ 801 1$bMiAaPQ 801 2$bMiAaPQ 906 $aBOOK 912 $a9910828078103321 996 $aDas 11. Norddeutsche Simulationsforum$94059684 997 $aUNINA LEADER 03324oam 2200685 c 450 001 9910563003403321 005 20250513224759.0 024 7 $a10.3726/b13625 035 $a(CKB)5450000000173935 035 $a(oapen)https://directory.doabooks.org/handle/20.500.12854/33165 035 $a(PH02)9783631750735 035 $a(MiAaPQ)EBC31850445 035 $a(oapen)doab33165 035 $a(EXLCZ)995450000000173935 100 $a20240525h20181998 uy 0 101 0 $ager 135 $aurnnunnnannuu 181 $ctxt$2rdacontent 182 $cc$2rdamedia 183 $acr$2rdacarrier 200 00$aManagement von Messebeteiligungen$eIdentifikation und Erklärung messespezifischer Grundhaltungen auf der Basis einer empirischen Untersuchung$fH. Meffert, Ralf Ueding, Universität Münster 205 $a1st, New ed. 210 $aFrankfurt a.M$cPH02$d2018 210 $d2018, c1998 215 $a1 online resource (352 p.)$c, EPDF 225 0 $aSchriften zu Marketing und Management$v34 300 $aPeter Lang GmbH, Internationaler Verlag der Wissenschaften 311 08$a9783631750735 311 08$a3631750730 327 $aAus dem Inhalt: Messebeteiligungen als Herausforderung an das Kommunikationsmanagement - Ableitung und Identifikation von messespezifischen Grundhaltungen - Ausgestaltung und Erfolg von Messebeteiligungen - Ansatzpunkte einer systematischen Messebeteiligungskontrolle. 330 $aDie Bedingungen fu?r Messebeteiligungen haben sich in den vergangenen Jahren gravierend vera?ndert. Messen und Ausstellungen stehen vermehrt in einem Substitutionswettbewerb mit den neueren Instrumenten der Unternehmenskommunikation. Die seit den 80er Jahren anhaltende Diskussion um die Leistungsfa?higkeit und Transparenz von Messebeteiligungen fu?r das Marketing macht deutlich, daß die Notwendigkeit einer konzeptionellen Auseinandersetzung mit dem Themenkomplex besteht. Die Arbeit verfolgt das Ziel, das messespezifische Ausstellerverhalten systematisch zu beschreiben und zu erkla?ren. Hierzu werden messespezifische Grundhaltungen identifiziert und detailliert hinsichtlich der strategischen und operativen Ausgestaltung sowie Erfolgswirkungen der Messebeteiligungen analysiert. Der empirischen Analyse liegt eine schriftliche Befragung von 602 Unternehmen zugrunde. 606 $aCommunication studies$2bicssc 606 $aProject management$2bicssc 606 $aProduction & quality control management$2bicssc 606 $aSales & marketing management$2bicssc 610 $aBasis 610 $aeiner 610 $aempirischen 610 $aErklärung 610 $aGrundhaltungen 610 $aIdentifikation 610 $aManagement 610 $aMessebeteiligungen 610 $amessespezifischer 610 $aUeding 610 $aUntersuchung 615 7$aCommunication studies 615 7$aProject management 615 7$aProduction & quality control management 615 7$aSales & marketing management 700 $aUeding$b Ralf$4auth$01302281 702 $aMeffert$b H$4edt 702 $aUeding$b Ralf$4aut 712 02$aUniversita?t Mu?nster$4aut 801 0$bPH02 801 1$bPH02 906 $aBOOK 912 $a9910563003403321 996 $aManagement von Messebeteiligungen$93026335 997 $aUNINA